000 00543nam a2200193Ia 4500
003 GCL
008 140319s9999 xx 000 0 eng d
020 _a0753451743
040 _aGCL /
_cGCL
082 0 4 _aCH
_b523.1
_bG M
100 1 _aGRAHAM, IAN
245 1 0 _aTHE BEST BOOK OF THE MOON /
_cGRAHAM, IAN
260 _aنيويورك :
_bKING FISHER BOOKS ،
_c1989
300 _a24 CM ؛
_c32 P
650 0 4 _aAMERICAN LITERATURE
650 0 4 _aCHILDREN'S LITERATURE - AMERICAN
650 0 4 _aMOON - JUVENILE LITERATURE
942 _2ddc
_cBK
999 _c18528
_d18528